Statistics for Countries Giuseppe Conte has visited

Click here to take the quiz!

General Stats

  • This quiz has been taken 17 times
    (4 since last reset)
  • The average score is 23 of 28

Answer Stats

Continent Country % Correct
AfricaAlgeria
100%
AfricaEthiopia
100%
Asia/ EuropeRussia
100%
South AmericaArgentina
100%
EuropeSwitzerland
100%
AfricaTunisia
100%
EuropeGermany
100%
EuropeFrance
100%
Asia/ EuropeTurkey
100%
AsiaUnited Arab Emirates
100%
EuropeUnited Kingdom
100%
North AmericaCanada
100%
EuropeBulgaria
100%
EuropeBelgium
100%
North AmericaUnited States of America
100%
EuropeRomania
100%
AsiaQatar
75%
AsiaVietnam
75%
AsiaIndia
75%
AfricaEritrea
75%
AfricaEgypt
75%
EuropeCyprus
75%
EuropeAustria
75%
AsiaOman
50%
AfricaLibya
50%
AsiaJapan
50%
EuropeMalta
25%
AsiaLebanon
25%

Score Distribution

Percentile by Number Answered

Percent of People with Each Score

Your Score History

You have not taken this quiz since the last reset